| 000 | 00718nam a22002177a 4500 | ||
|---|---|---|---|
| 999 |
_c14400 _d14400 |
||
| 003 | AR-CdUCM | ||
| 008 | 190423b ||||| |||| 00| 0 spa d | ||
| 040 |
_aMUNICIPALIDAD PROVINCIAL DEL CUSCO _cBIBLIOTECA MUNICIPAL DEL CUSCO |
||
| 082 |
_a869.56 / _bA72 / 1926 |
||
| 100 |
_aArmazo, Emilio _933157 |
||
| 245 |
_aSíntesis del imaginador : _bFalo / |
||
| 260 |
_aPuno : _bComercial, _c1926. |
||
| 300 | _c27 cm. | ||
| 500 | _aEl texto no cuenta con numeración de pagina. | ||
| 505 | _aContenido : Panteísmo -- El himno del granuja -- Hembra en el olimpo -- Centro del mundo ... | ||
| 650 |
_aFalo _933158 |
||
| 650 |
_aPoema _96104 |
||
| 650 |
_aPuno _93897 |
||
| 942 |
_2ddc _cLIBROS |
||
| 945 |
_arah _d23/04/2019 |
||